000
00244nam a2200097Ia 4500
001
1218962
005
20250827024656.0
008
250824s9999 xx 000 0 und d
245
0
_a
SON PEYGAMBER HZ. MUHAMMED
_c
AHMET CEVDET PAŞA
260
_b
AGD
999
_c
1218962
_d
1218962